Pays du Monde sans tableau de réponse - Statistiques

Statistiques générales
  • Ce quiz a été pris 302 fois
  • Le résultat moyen est 142 sur 196
Statistiques - réponses
# Pays % Correct
1
95%
2
93%
21
91%
3 | 5 | 20 | 23
89%
32
88%
4
87%
43 | 55 | 162
86%
108
85%
11 | 174
84%
110
83%
8 | 9 | 10 | +5 others
82%
7 | 109 | 164 | 165
81%
26 | 63 | 106 | +2 others
80%
6 | 163
79%
22 | 28 | 48 | 140
78%
12 | 14 | 15 | +9 others
77%
13 | 41 | 47 | +7 others
76%
16 | 17 | 27 | +7 others
75%
29 | 34 | 35 | +6 others
74%
18 | 19 | 24 | +11 others
73%
37 | 44 | 52 | +11 others
72%
31 | 49 | 69 | +12 others
71%
25 | 40 | 64 | +8 others
70%
60 | 116 | 124 | +2 others
69%
50 | 128 | 132 | +10 others
68%
45 | 136 | 147 | +5 others
67%
80 | 81 | 84 | +7 others
66%
82 | 91 | 131 | 159
65%
65 | 74 | 87 | +3 others
64%
54 | 76 | 186 | 194
63%
77 | 83 | 85 | 187
62%
73 | 86 | 88 | +3 others
61%
193
60%
195
28%
Aucun quiz correspondant
Distribution des résultats
% des personnes avec chaque résultat
Percentile par nombre de réponses
Votre historique - résultats
Vous n’avez pas pris ce quiz